|
|
|
|
| LEADER |
00885cam a2200229 7i4500 |
| 001 |
0000031890 |
| 005 |
20141211090000.0 |
| 090 |
0 |
0 |
|a VIET 47.95
|b CON
|
| 245 |
0 |
0 |
|a Consumer foodservice in Vietnam.
|
| 260 |
0 |
0 |
|a London:
|b Euromonitor International,
|c 2014.
|
| 300 |
# |
# |
|a 112 p.
|
| 440 |
0 |
0 |
|a Market report : January 2014
|
| 650 |
0 |
0 |
|a Kiosk --
|x Markets --
|z Vietnam
|
| 650 |
0 |
0 |
|a Cafes --
|x Markets --
|z Vietnam
|
| 650 |
0 |
0 |
|a Bars --
|x Markets --
|z Vietnam
|
| 650 |
0 |
0 |
|a Fast food --
|x Markets --
|z Vietnam
|
| 650 |
0 |
0 |
|a Full service restaurants --
|x Markets --
|z Vietnam
|
| 650 |
0 |
0 |
|a Street Stalls --
|x Markets --
|z Vietnam
|
| 650 |
0 |
0 |
|a Home delivery/ take away --
|x Markets --
|z Vietnam
|
| 650 |
0 |
0 |
|a Self-service cafeterias --
|x Markets --
|z Vietnam
|
| 650 |
0 |
0 |
|a Consumer foodservice --
|x Markets --
|z Vietnam
|
| 999 |
|
|
|a B000034680
|b Book
|c Countries
|e Business Information Centre
|